000 02001cam a22005294i 4500
003 PE-LiUPU
005 20250731180113.0
008 180130s2016 ag r 000 0 spa d
020 _a9789587782059
035 _a(Sirsi) a241102
082 0 4 _a519.57
_bD88
_223
100 1 _aDominguez Dominguez, Jorge,
_eautor.
245 _aDiseño de experimentos :
_bestrategias y análisis en ciencias e ingeniería /
_cJorge Domínguez Dominguez, Eduardo Castaño Tostado.
250 _aPrimera edición.
264 1 _aBuenos Aires, Argentina :
_bAlgaomega,
_c2016.
300 _a486 páginas :
_bilustraciones :
_c24 centímetros
336 _atext
_2rdacontent
337 _aunmediated
_2rdamedia
338 _avolume
_2rdacarrier
504 _aBibliografía : páginas 473-477.
504 _aÍndice : páginas 485-486.
505 0 _aCapacitación de un diseño experimental -- Diseño con un factor -- Comparaciones múltiples -- Estructura de tratamientos factorial -- Estructura facatorial fraccionada -- Estructura de tratamientos factoriales 3k -- Algunos diseños especiales -- El modelo de análisis de regresión -- Optimización del proceso -- Diseño de experimentos con mezclas.
526 _aSEG44
526 _aSEG26
526 _aP159
526 _aP155
526 _aP154
526 _aP153
526 _aP150
526 _aP100
526 _aP31
526 _aP30
526 _aP26
526 _aP25
526 _aP24
526 _aP22
526 _aP15
526 _aP10
541 _g0001-0042355;
650 0 4 _aDiseño experimental.
650 0 4 _aExperimental design
700 1 _aCastaño Tostado, Educardo,
_eautor.
910 _adbm
_bebj
_cebj
_d20180130
596 _a1
942 _2ddc
_cBOOK
999 _a519.57 D88
_wDEWEY
_c26743
_i78234
_d26743
_f2021-11-9
_g4
_lCCODEBUL1
_mBUL
_p34.84
_q2
_r0
_sY
_tBOOK
_u2018-1-30
_xINGENIERIA
_PP27
_0COMPRA
980 _81
_gALBERTO SANCHEZ Responsable de Automatización